Bundesliga Spieler mit 2+ Toren beim Debut - Fußball Sudden Death #10 - Statistiken

Allgemein
  • Dieses Quiz wurde 676 mal gespielt
  • Das Durchschnittsergebnis liegt bei 2 aus 15
Answers on the Grid
Answers color-coded by a green-red scale on the quiz's grid according to % correct below.
Erling Haaland
Randal Kolo Muani
Arjen Robben
Harry Kane
Sadio Mane
Tomas Cvancara
Loïs Openda
Adolfo Valencia
Paco Alcácer
Achraf Hakimi
Joshua Zirkzee
Pierre-Emerick Aubameyang
Olaf Marschall
Georginio Rutter
Michy Batshuayi
Hamit Altıntop
Horst Hrubesch
Sasa Kalajdzic
Robin Hack
Harald Kohr
Axel Witsel
Hansi Müller
Douglas Costa
Dirk Anders
Marcus Allbäck
Stevan Jovetic
Jordan Sibateu
Ante Covic
Martin Fenin
Christopher Nkunku
 
Antwortstatistiken
Antwort % Korrekt
Erling Haaland
96%
Arjen Robben
24%
Pierre-Emerick Aubameyang
21%
Michy Batshuayi
11%
Martin Fenin
10%
Tomas Cvancara
7%
Olaf Marschall
4%
Hamit Altıntop
3%
Hansi Müller
3%
Horst Hrubesch
3%
Adolfo Valencia
1%
Ante Covic
1%
Dirk Anders
1%
Harald Kohr
1%
Marcus Allbäck
1%
Keine übereinstimmenden Quizze gefunden
Verteilung der Resultate
Anzahl Personen mit jedem Resultat
Perzentil nach korrekt beantworteten Fragen
Ihre Resultats-Entwicklung
Sie haben dieses Quiz noch nicht gespielt